000 00220 a2200109 4500
005 20260114123739.0
020 _a9780008606664
100 _aMafi T.
_9216344
245 _aUnite Me
260 _bDean
_c2023
942 _cAR
999 _c369889
_d369889